Largest Cities in Czechia - 1910 - Statistics

General Stats
  • This quiz has been taken 26 times
  • The average score is 12 of 28
Answer Stats
Population City name % Correct
125 737 Brno
100%
223 741 Praha
100%
80 445 Plzeň
96%
22 245 Olomouc
88%
36 350 Liberec
72%
44 538 České Budějovice
68%
25 914 Jihlava
68%
25 692 Most
68%
39 301 Ústí nad Labem
68%
20 419 Pardubice
60%
26 682 Cheb
44%
30 762 Opava
40%
29 521 Jablonec nad Nisou
28%
21 880
24%
24 230 Karlín
24%
20 300 Přerov
24%
30 077 Prostějov
24%
51 791 Smíchov
24%
22 489 Těšín
24%
72 173 Žižkov
24%
77 120 Královské Vinohrady
20%
36 754 Moravská Ostrava
16%
22 892 Slezská Ostrava
16%
24 646 Vršovice
16%
30 874 Nusle
8%
23 151 Vítkovice
8%
23 220 Varnsdorf
4%
26 777 Teplice-Šanov
0%
No matching quizzes found
Score Distribution
Percent of People with Each Score
Percentile by Number Answered
Your Score History
You have not taken this quiz